000 00412nam a22001577u 4500
008 130405s1973 xxu||||| |||| 00| 0 spa d
020 _a843041164X
041 _aspa
100 1 _aCullmann, Oscar
_911288
245 0 0 _aEl origen de la Navidad
_cOscar Cullmann
260 _aMadrid:
_bStudium,
_c1973
300 _a43 p.
_c;18 cm.
650 0 4 _aLiturgia
_xNavidad y adviento
_918909
942 _cBK
001 91630
999 _c255961
_d255961